Sports Quiz

Random Sports or MLB Quiz

The Last Ten Years In Sports Champions Quiz Stats

Quiz not verified by Sporcle

Challenge
Share
Tweet
Embed
Score 0/100 Timer 10:00
0 Plays Today
Sport Champion % Correct
NFLNew England Patriots
95.6%
NBAGolden State Warriors
94.3%
NBAMiami Heat
93.9%
NBAMiami Heat
93.9%
NFLNew York Giants
93.8%
NFLNew York Giants
93.8%
MLBSan Francisco Giants
93.6%
MLBSan Francisco Giants
93.6%
MLBSan Francisco Giants
93.6%
NBACleveland Cavaliers
93.5%
NFLDenver Broncos
92.4%
NCAA Baseball World Series ChampionsVirginia Cavaliers
92.3%
NBALos Angeles Lakers
91.1%
NBALos Angeles Lakers
91.1%
NBASan Antonio Spurs
90.7%
NBASan Antonio Spurs
90.7%
NFLSeattle Seahawks
87.9%
MLBNew York Yankees
87.4%
NBABoston Celtics
86.2%
NFLPittsburgh Steelers
85.8%
NBADallas Mavericks
85.2%
MLBSt Louis Cardinals
85.2%
MLBSt Louis Cardinals
85.2%
NCAA Basketball Louisville Cardinals
85%
NHLPittsburgh Penguins
83.6%
NHLPittsburgh Penguins
83.6%
MLBKansas City Royals
82.6%
NFLBaltimore Ravens
82.4%
NFLGreen Bay Packers
81.5%
NFLNew Orleans Saints
80.2%
NHLChicago Blackhawks
80.2%
NHLChicago Blackhawks
80.2%
NHLChicago Blackhawks
80.2%
NFLIndianapolis Colts
79.8%
Sport Champion % Correct
NHLLos Angeles Kings
73.7%
NHLLos Angeles Kings
73.7%
MLBPhiladelphia Phillies
69.3%
NCAA FootballAuburn Tigers
68.8%
NCAA FootballLSU Tigers
68%
NCAA Baseball World Series ChampionsLSU Tigers
68%
NHLBoston Bruins
67%
NCAA Baseball World Series ChampionsUCLA Bruins
65.6%
NCAA Basketball Duke Blue Devils
64.5%
NCAA Basketball Duke Blue Devils
64.5%
NCAA Basketball Connecticut Huskies
63.8%
NCAA Basketball Connecticut Huskies
63.8%
NCAA Womens BasketballConnecticut Huskies
63.8%
NCAA Womens BasketballConnecticut Huskies
63.8%
NCAA Womens BasketballConnecticut Huskies
63.8%
NCAA Womens BasketballConnecticut Huskies
63.8%
NCAA Womens BasketballConnecticut Huskies
63.8%
NCAA Womens BasketballConnecticut Huskies
63.8%
NCAA FootballAlabama Crimson Tide
61.8%
NCAA FootballAlabama Crimson Tide
61.8%
NCAA FootballAlabama Crimson Tide
61.8%
NCAA FootballAlabama Crimson Tide
61.8%
MLBBoston Red Sox
61.6%
MLBBoston Red Sox
61.6%
NCAA Basketball Kentucky Wildcats
61.6%
NCAA FootballOhio State Buckeyes
60.2%
NHLAnaheim Ducks
58.3%
NCAA Baseball World Series ChampionsArizona WIldcats
55.2%
NCAA FootballFlorida Gators
54.9%
NCAA FootballFlorida Gators
54.9%
NCAA Basketball Florida Gators
54.9%
NCAA Basketball Villinova Wildcats
54.1%
NascarJimmie Johnson
51.7%
NascarJimmie Johnson
51.7%
Sport Champion % Correct
NascarJimmie Johnson
51.7%
NascarJimmie Johnson
51.7%
NascarJimmie Johnson
51.7%
NascarJimmie Johnson
51.7%
NCAA FootballFlorida State Seminoles
46.7%
NCAA Womens BasketballBaylor Lady Bears
38.7%
NCAA Basketball Kansas Jayhawks
38.1%
NCAA Basketball North Carolina Tar Heels
36.8%
NHLDetroit Red Wings
36.5%
NCAA HockeyBoston College Eagles
29.4%
NCAA HockeyBoston College Eagles
29.4%
NCAA HockeyBoston College Eagles
29.4%
NCAA Womens BasketballTennessee Lady Volunteers
29.1%
NCAA Womens BasketballTennessee Lady Volunteers
29.1%
NascarTony Stewart
28.1%
NCAA HockeyMichigan State Spartans
27.9%
NascarKyle Busch
25%
NCAA Baseball World Series ChampionsFresno State Bulldogs
23.3%
NCAA HockeyYale Bulldogs
22.7%
NCAA HockeyMinnesota–Duluth Bulldogs
20.9%
NCAA Baseball World Series ChampionsSouth Carolina Gamecocks
17.3%
NCAA Baseball World Series ChampionsSouth Carolina Gamecocks
17.3%
NascarKevin Harvick
15%
NascarBrad Keselowski
14%
NCAA HockeyBoston University Terriers
13.8%
NCAA Baseball World Series ChampionsOregon State Beavers
12.6%
NCAA Baseball World Series ChampionsOregon State Beavers
12.6%
NCAA HockeyNorth Dakota Fighting Hawks
12.5%
NCAA Womens BasketballTexas A & M Aggies
11.9%
NCAA HockeyProvidence Friars
8%
NCAA HockeyUnion Dutchmen
3.6%
NCAA Baseball World Series ChampionsVanderbilt Commondores
1%

You're not logged in!

Compare scores with friends on all Sporcle quizzes.
Sign Up with Email
OR
Log In

You Might Also Like...

Show Comments

Extras

Top Quizzes Today


Score Distribution

Your Account Isn't Verified!

In order to create a playlist on Sporcle, you need to verify the email address you used during registration. Go to your Sporcle Settings to finish the process.